1604 1162 1608 1641 1529 1173 1055 1299 1861 1576 1806 1456 1501 1932 1263 1227 1840 1000 1176 1802 1039 1111 1921 1862 1015 1132 1582 1066 1355 1050 1340 1484 1667 1628 1125 1549 1404 1259 1070 1105 1558 1906 1825 1222 1971 1798 1550 1491 1767 1059 1549 1057 1267 1278 1438 1423 1620 1135 1301 1625 1631 1583 1704 1397 1193 1363 1064 1695 1737 1670 1356 1170 1421 1421 1664 1995 1468 1475 1651 1643 1329 1587 1425 1726 1254 1336 1489 1586 1812 1633 1053 1770 1203 1694 1118 1699 1342 1842 1568 BCNSPRNW ULIB Ver.6.0+V

เปลี่ยนเป็นภาษาไทย

Change to English
 แสดงรายละเอียดบรรณานุกรม
  กลับหน้าหลัก

Brief Record : Get Marc (ISO 2709) : E-mail record : QR code < ปิดหน้าต่าง
LEADER : 00000nam 2200000uu 4500
001    13399126694
003     ULIB
008    190212s2561||||th 000 0 tha d
020    ^a9786164556461
060  0 ^aWQ211^bน715ภ
100 0  ^aนิศารัตน์ ยมาภัย (พิทักษ์วัชระ)
245 00 ^aภาวะไส้เลื่อนกระบังลมแต่กำเนิดของทารกในครรภ์/^cโดย นิศารัตน์ ยมาภัย (พิทักษ์วัชระ)
246 00 ^aFetal congenital diaphragmatic hernia
260    ^aกรุงเทพฯ:^bภาควิชาสูติศาสตร์-นรีเวชวิทยา คณะแพทยศาสตร์ศิริราชพยาบาล มหาวิทยาลัยมหิดล,^c2561.
300    ^a123 หน้า
650  0 ^aไส้เลื่อน
650  0 ^aปอด^xโรค
650  0 ^aทารกในครรภ์^xโรค
945    ^p650^l0^i006051
945    ^p650^l0^i006050
945    ^p650^l0^i006049
945    ^p650^l0^i006048
945    ^p650^l0^i006047
945    ^p650^l0^i006046
945    ^p650^l0^i006045
945    ^p650^l0^i006044
945    ^p650^l0^i005271
945    ^p650^l0^i005270
945    ^p650^l0^i005272
945    ^p650^l0^i006043
945    ^p650^l0^i006052
999    ^aประนอม เกษจรัล
รายการนี้ยังไม่มีแท็ก
คุณยังไม่ได้ล็อกอิน คุณสามารถมีกิจกรรมร่วมกับเว็บไซต์ได้ แต่ต้องล็อกอินก่อน ::
  ล็อกอิน

รายการสื่อสารสนเทศ

ลำดับที่ ประเภท เลขเรียก/บาร์โค้ด สถานที่ สถานะ
1. วิทยาศาสตร์การแพทย์ และสุขภาพ
หนังสือสำรอง
สถานะ=หนังสือสำรอง
WQ211 น715ภ ฉ.1 
  Barcode: 005270
ห้องสมุดวิทยาเขตสวรรค์ประชารักษ์
►หนังสือทั่วไป
บนชั้น
2. วิทยาศาสตร์การแพทย์ และสุขภาพ
วิทยาศาสตร์การแพทย์ และสุขภาพ
WQ211 น715ภ ฉ.10 
  Barcode: 006049
ห้องสมุดวิทยาเขตสวรรค์ประชารักษ์
►หนังสือทั่วไป
บนชั้น
3. วิทยาศาสตร์การแพทย์ และสุขภาพ
วิทยาศาสตร์การแพทย์ และสุขภาพ
WQ211 น715ภ ฉ.11 
  Barcode: 006050
ห้องสมุดวิทยาเขตสวรรค์ประชารักษ์
►หนังสือทั่วไป
บนชั้น
4. วิทยาศาสตร์การแพทย์ และสุขภาพ
วิทยาศาสตร์การแพทย์ และสุขภาพ
WQ211 น715ภ ฉ.12 
  Barcode: 006051
ห้องสมุดวิทยาเขตสวรรค์ประชารักษ์
►หนังสือทั่วไป
บนชั้น
5. วิทยาศาสตร์การแพทย์ และสุขภาพ
วิทยาศาสตร์การแพทย์ และสุขภาพ
WQ211 น715ภ ฉ.13 
  Barcode: 006052
ห้องสมุดวิทยาเขตสวรรค์ประชารักษ์
►หนังสือทั่วไป
บนชั้น
6. วิทยาศาสตร์การแพทย์ และสุขภาพ
วิทยาศาสตร์การแพทย์ และสุขภาพ
WQ211 น715ภ ฉ.2 
  Barcode: 005271
ห้องสมุดวิทยาเขตสวรรค์ประชารักษ์
►หนังสือทั่วไป
บนชั้น
7. วิทยาศาสตร์การแพทย์ และสุขภาพ
วิทยาศาสตร์การแพทย์ และสุขภาพ
WQ211 น715ภ ฉ.3 
  Barcode: 005272
ห้องสมุดวิทยาเขตสวรรค์ประชารักษ์
►หนังสือทั่วไป
บนชั้น
8. วิทยาศาสตร์การแพทย์ และสุขภาพ
วิทยาศาสตร์การแพทย์ และสุขภาพ
WQ211 น715ภ ฉ.4 
  Barcode: 006043
ห้องสมุดวิทยาเขตสวรรค์ประชารักษ์
►หนังสือทั่วไป
บนชั้น
9. วิทยาศาสตร์การแพทย์ และสุขภาพ
วิทยาศาสตร์การแพทย์ และสุขภาพ
WQ211 น715ภ ฉ.5 
  Barcode: 006044
ห้องสมุดวิทยาเขตสวรรค์ประชารักษ์
►หนังสือทั่วไป
บนชั้น
10. วิทยาศาสตร์การแพทย์ และสุขภาพ
วิทยาศาสตร์การแพทย์ และสุขภาพ
WQ211 น715ภ ฉ.6 
  Barcode: 006045
ห้องสมุดวิทยาเขตสวรรค์ประชารักษ์
►หนังสือทั่วไป
บนชั้น
11. วิทยาศาสตร์การแพทย์ และสุขภาพ
วิทยาศาสตร์การแพทย์ และสุขภาพ
WQ211 น715ภ ฉ.7 
  Barcode: 006046
ห้องสมุดวิทยาเขตสวรรค์ประชารักษ์
►หนังสือทั่วไป
บนชั้น
12. วิทยาศาสตร์การแพทย์ และสุขภาพ
วิทยาศาสตร์การแพทย์ และสุขภาพ
WQ211 น715ภ ฉ.8 
  Barcode: 006047
ห้องสมุดวิทยาเขตสวรรค์ประชารักษ์
►หนังสือทั่วไป
บนชั้น
13. วิทยาศาสตร์การแพทย์ และสุขภาพ
วิทยาศาสตร์การแพทย์ และสุขภาพ
WQ211 น715ภ ฉ.9 
  Barcode: 006048
ห้องสมุดวิทยาเขตสวรรค์ประชารักษ์
►หนังสือทั่วไป
บนชั้น

รายการใกล้เคียง
    ผู้แต่ง [นิศารัตน์ ยมาภัย (พิทักษ์วัชระ)]

    หัวเรื่อง [ไส้เลื่อน]
    หัวเรื่อง [ปอด โรค]

BibComment


ยังไม่เคยถูกคอมเมนท์

คอมเมนท์ทรัพยากรรายการนี้
  คอมเมนท์: ภาวะไส้เลื่อนกระ..


 Copyright 2026. Bcnsprnw @Library